000 00294nam a22001337a 4500
008 181219b xxu||||| |||| 00| 0 eng d
020 _a9780892364763
041 _aeng
080 _a710
100 _a44
101 _aART
245 _aGetty Museum And Its Collections
942 _2udc
_cBK
999 _c53499
_d53499